| 000 | 00977nam a2200205 a 4500 | ||
|---|---|---|---|
| 008 | 120206s2011 ||||||||||||||||| || u | ||
| 020 | _a9781849201520 | ||
| 050 | _aHD 30.28 Str | ||
| 100 | _aClegg, Stewart | ||
| 245 | 1 | 0 |
_aStrategy: theory and practice _cStewart Clegg...[and others] |
| 260 |
_aLondon _bSAGE Publications _c2011 |
||
| 300 | _axxvii, 460p.: ill. | ||
| 350 | _a0.00 | ||
| 500 | _aBibliography | ||
| 650 | 0 | _aSTRATEGIC PLANNING | |
| 650 | _aPLANNING | ||
| 995 |
_aMAIN LIBRARY OPEN ACCESS _e743872 _FCBU-MAIN LIBRARY (Kitwe) _I0.00 _jHD 30.28 Str _M1 _UAVAILABLE _WJun 5, 2013 _y743872 _ZMain Library Open Access Collection |
||
| 995 |
_aANNEX COLLECTION (Main Library) _e742926 _FCBU-MAIN LIBRARY (Kitwe) _I0.00 _jHD 30.28 Str _M2 _UAVAILABLE _WJun 25, 2012 _y742926 _ZAnnex Low-Usage Collection |
||
| 995 |
_aMAIN LIBRARY OPEN ACCESS _D0.00 _e742649 _FCBU-MAIN LIBRARY (Kitwe) _H1 _I0.00 _jHD 30.28 STR _M1 _UAVAILABLE _WMar 6, 2012 _y742649 _ZMain Library Open Access Collection |
||
| 999 |
_c76883 _d76883 |
||